000 00933nas a2200277 i 4500
001 2001
003 ES-MaACL
005 20250731030156.0
007 t|
008 950801d1932 sp | | 1 ||pa d
080 _a63
245 0 0 _aRevista de los servicios social-agrarios y de estadística agrícola social.
260 _aMadrid :
_b[Inspección General de los Servicios Social-Agrarios y de Estadística Agrícola y Social],
_c1932.
300 _a11 v. ;
_c24 cm.
310 _aMensual
362 0 _aAño 1, n. 1 (mayo 1932)-año 1, n. 8 (dic. 1932)
650 1 7 _aAgricultura
_2embne
_99670
650 1 7 _aEconomía
_2embne
_912006
655 7 _2tgfbne
_9226866
_aRevistas
710 2 _aInstituto de Reforma Agraria (España)
_9171663
852 _aES-MaACL
_jHEM-H-24
_dOlim: HEM-1083
_92040
_cHEM
866 0 _o1932-1935(1936)
942 _2udc
_cPERIODICA
999 _c2001
_d2001